banner-ar

THE NATIONAL FOLKLORIC TROUPE / (Record no. 15332)

MARC details
000 -الفاتح
حقل البيانات ثابتة الطول 00560nam a2200217Ia 4500
008 - عناصر البيانات ثابتة الطول - معلومات عامة
حقل البيانات ثابتة الطول 140319s9999 xx 000 0 eng d
040 ## - مصدر الفهرسة
وكالة الفهرسة الأصلية GCL /
وكالة النسخ GCL
082 04 - رقم تصنيف ديوى العشرى
رقم التصنيف CC
رقم المادة 398.0962
-- K N
100 1# - المدخل الرئيسى - إسم شخصى
الإسم الشخصى KHALIL, MOHAMED
245 10 - بيان العنوان
العنوان THE NATIONAL FOLKLORIC TROUPE /
بيان المسئوليه,etc KHALIL, MOHAMED
700 1# - المدخل الاضافى - اسم شخصى
الإسم الشخصى NADIM, AHMED
700 1# - المدخل الاضافى - اسم شخصى
الإسم الشخصى SALAMA, GAMAL
300 ## - الوصف المادى
التعداد 24 P
650 04 - المدخل الاضافى بالموضوع-مصطلح موضوعى
مصطلح موضوعي FOLK - ART
650 04 - المدخل الاضافى بالموضوع-مصطلح موضوعى
مصطلح موضوعي DANCE
650 04 - المدخل الاضافى بالموضوع-مصطلح موضوعى
مصطلح موضوعي FOLKLORE - EGYPT
650 04 - المدخل الاضافى بالموضوع-مصطلح موضوعى
مصطلح موضوعي FOLK DANCING
942 ## - عناصر المدخل الإضافي( كوها)
مصدر التصنيف او مخطط الترفيف Dewey Decimal Classification
Koha [default] item type كتاب
260 ## - PUBLICATION, DISTRIBUTION, ETC. (IMPRINT)
-- [S.N] :
-- FOREIGN PRESS AND INFORMNTION DERT
Holdings
حالة التراجع حالة الفقد حالة تلف ليس للاعارة المكان المؤقت الموقع الحالى تاريخ الاكتساب اجمالي اﻻعارات رقم الطلب الباركود تاريخ اخر مشاهدة تاريخ تفعيل السعر نوع وعاء كوها
        مكتبة القاهرة الكبرى مكتبة القاهرة الكبرى 03/26/2014   CC\398.0962\K N 28428 03/26/2014 03/26/2014 كتاب
        مكتبة القاهرة الكبرى مكتبة القاهرة الكبرى 03/26/2014   CC\398.0962\K N 28429 03/26/2014 03/26/2014 كتاب
        مكتبة القاهرة الكبرى مكتبة القاهرة الكبرى 03/26/2014   CC\398.0962\K N 28430 03/26/2014 03/26/2014 كتاب
        مكتبة القاهرة الكبرى مكتبة القاهرة الكبرى 03/26/2014   CC\398.0962\K N 28431 03/26/2014 03/26/2014 كتاب

Powered By

EGPV